| 000 | 00480nam a2200205Ia 4500 | ||
|---|---|---|---|
| 005 | 20250425162652.0 | ||
| 008 | 250425s9999 xx 000 0 und d | ||
| 020 | _a085238131X | ||
| 041 | _aeng | ||
| 043 | _aenk | ||
| 082 | _a639.543 | ||
| 245 | 0 | _aPENAEID SHRIMPS THEIR BIOLOGY AND MANAGEMENT | |
| 250 | _aS.E | ||
| 260 | _aNORWICH | ||
| 260 |
_aReino Unido _bFISHING NEWS BOOKS LTD _c1984 |
||
| 300 | _a307 | ||
| 650 | _aCAMARONES | ||
| 942 | _c01 | ||
| 010 | _a95397 | ||
| 999 |
_c234009 _d234009 |
||